Toward an Anabaptist political theology : (Registro nro. 26074)

Detalles MARC
000 -LEADER
campo de control de longitud fija 02859cam a22006014i 4500
003 - IDENTIFICADOR DE NÚMERO DE CONTROL
campo de control PE-LiUPU
005 - FECHA Y HORA DE LA ÚLTIMA TRANSACCIÓN
campo de control 20250731173035.0
008 - DATOS DE LONGITUD FIJA--INFORMACIÓN GENERAL
campo de control de longitud fija 141026s2014 oru rb 001 0 eng d
020 ## - NÚMERO INTERNACIONAL ESTÁNDAR DEL LIBRO
Número Internacional Estándar del Libro 1620329204
020 ## - NÚMERO INTERNACIONAL ESTÁNDAR DEL LIBRO
Número Internacional Estándar del Libro 9781620329207
035 ## - NÚMERO DE CONTROL DEL SISTEMA
Número de control de sistema (Sirsi) i9781620329207
035 ## - NÚMERO DE CONTROL DEL SISTEMA
Número de control de sistema (OCoLC)893898885
040 ## - FUENTE DE CATALOGACIÓN
Centro catalogador/agencia de origen BTCTA
Lengua de catalogación spa
Centro/agencia transcriptor BTCTA
Centro/agencia modificador YDXCP
-- OCLCO
-- CNTCS
-- JES
-- OCLCF
-- DLC
-- DGU
-- NZABT
-- OCLCQ
-- PE-LiUPU
Normas de descripción rda
049 ## - FONDOS LOCALES (OCLC)
Biblioteca depositaria PRUA
050 #4 - SIGNATURA TOPOGRÁFICA DE LA BIBLIOTECA DEL CONGRESO
Número de clasificación BX4931.3
Número de ítem .R45 2014
082 04 - NÚMERO DE LA CLASIFICACIÓN DECIMAL DEWEY
Número de clasificación 284.3
Cutter R36
Número de edición 23
100 1# - ENTRADA PRINCIPAL--NOMBRE DE PERSONA
Nombre de persona Reimer, A. James,
Término indicativo de función/relación autor.
245 10 - MENCIÓN DEL TÍTULO
Título Toward an Anabaptist political theology :
Resto del título law, order, and civil society /
Mención de responsabilidad, etc. A. James Reimer ; edited by Paul G. Doerksen; P. Travis Kroeker.
264 #1 - PRODUCCIÓN, PUBLICACIÓN, DISTRIBUCIÓN, FABRICACIÓN Y COPYRIGHT
Producción, publicación, distribución, fabricación y copyright Eugene, Oregon :
Nombre del de productor, editor, distribuidor, fabricante Cascade Books,
Fecha de producción, publicación, distribución, fabricación o copyright 2014.
300 ## - DESCRIPCIÓN FÍSICA
Extensión xx, 194 páginas ;
Dimensiones 23 centímetros
336 ## - TIPO DE CONTENIDO
Término de tipo de contenido text
Fuente rdacontent
337 ## - TIPO DE MEDIO
Nombre/término del tipo de medio unmediated
Fuente rdamedia
338 ## - TIPO DE SOPORTE
Nombre/término del tipo de soporte volume
Fuente rdacarrie
490 0# - MENCIÓN DE SERIE
Mención de serie Theopolitical visions ;
Designación de volumen o secuencia 17
504 ## - NOTA DE BIBLIOGRAFÍA, ETC.
Nota de bibliografía, etc. Bibliografía: páginas 187-192.
504 ## - NOTA DE BIBLIOGRAFÍA, ETC.
Nota de bibliografía, etc. Índice : páginas 193-194.
505 0# - NOTA DE CONTENIDO CON FORMATO
Nota de contenido con formato An Anabaptist-Mennonite political theology: theological presuppositions -- "I came not to abolish the law but to fulfill it": a positive theology of law and civil institutions -- Trinitarian foundations for law and public order -- Constantine: from religious pluralism to Christian hegemony -- Revelation, law, and individual conscience -- Law, freedom of conscience, and civil responsibility: Marpeck, Mennonites, and contemporary social ethics -- An Anabaptist-Mennonite political theology, part II: historical manifestations and observations -- Public orthodoxy and civic forbearance: the challenges of modern law for religious minority groups -- Anabaptist-Mennonite political theology: conceptualizing universal ethics in post-Christendom.
526 ## - NOTA DE INFORMACIÓN SOBRE EL PROGRAMA DE ESTUDIO
Nombre del programa Segunda Especialidad En Profecías Bíblicas
526 ## - NOTA DE INFORMACIÓN SOBRE EL PROGRAMA DE ESTUDIO
Nombre del programa Segunda Especialidad En Nuevo Testamento
526 ## - NOTA DE INFORMACIÓN SOBRE EL PROGRAMA DE ESTUDIO
Nombre del programa Segunda Especialidad En Antiguo Testamento
526 ## - NOTA DE INFORMACIÓN SOBRE EL PROGRAMA DE ESTUDIO
Nombre del programa Segunda Especialidad En Estudios Adventistas
526 ## - NOTA DE INFORMACIÓN SOBRE EL PROGRAMA DE ESTUDIO
Nombre del programa Doctorado en teología
526 ## - NOTA DE INFORMACIÓN SOBRE EL PROGRAMA DE ESTUDIO
Nombre del programa Maestría en teología histórica
526 ## - NOTA DE INFORMACIÓN SOBRE EL PROGRAMA DE ESTUDIO
Nombre del programa Maestría en teología bíblica
526 ## - NOTA DE INFORMACIÓN SOBRE EL PROGRAMA DE ESTUDIO
Nombre del programa Maestría en teología
526 ## - NOTA DE INFORMACIÓN SOBRE EL PROGRAMA DE ESTUDIO
Nombre del programa Maestría en misionología
526 ## - NOTA DE INFORMACIÓN SOBRE EL PROGRAMA DE ESTUDIO
Nombre del programa Maestría en liderazgo eclesiástico
526 ## - NOTA DE INFORMACIÓN SOBRE EL PROGRAMA DE ESTUDIO
Nombre del programa Teología
596 ## -
-- 1
650 #0 - PUNTO DE ACCESO ADICIONAL DE MATERIA--TÉRMINO DE MATERIA
Término de materia o nombre geográfico como elemento de entrada Anabaptists.
650 #0 - PUNTO DE ACCESO ADICIONAL DE MATERIA--TÉRMINO DE MATERIA
Término de materia o nombre geográfico como elemento de entrada Anabautistas.
650 #0 - PUNTO DE ACCESO ADICIONAL DE MATERIA--TÉRMINO DE MATERIA
Término de materia o nombre geográfico como elemento de entrada Political theology.
650 #0 - PUNTO DE ACCESO ADICIONAL DE MATERIA--TÉRMINO DE MATERIA
Término de materia o nombre geográfico como elemento de entrada Teología política.
700 1# - ENTRADA AGREGADA--NOMBRE PERSONAL
Nombre de persona Doerksen, Paul G.,
Fechas asociadas al nombre 1960- ,
Término indicativo de función/relación editor.
910 ## - DATOS DE OPCIÓN DEL USUARIO (OCLC)
Datos de opción del usuario dbm
-- ebj
-- ebj
-- 20171211
938 ## -
-- Baker and Taylor
-- BTCP
-- BK0015907531
938 ## -
-- YBP Library Services
-- YANK
-- 12134276
942 ## - ELEMENTOS DE ENTRADA SECUNDARIOS (KOHA)
Fuente del sistema de clasificación o colocación Clasificación Decimal Dewey
Tipo de ítem Koha
949 ## - PROCESAMIENTO DE INFORMACIÓN LOCAL (OCLC)
a 284.3 R36
w DEWEY
c 1
i 77231
l CATALOGING
m BUL
p 15.60
r 0
s Y
t BOOK
u 2017-12-11
x POSGRADO
-- P85
0 DONACION
o .STAFF. Colección Teología.
994 ## -
-- C0
-- PEPRU
999 ## - NÚMEROS DE CONTROL DE SISTEMA (KOHA)
-- DEWEY
-- 77231
-- 2018-9-27
-- 2021-11-11
-- 6
-- CCODEBUL1
-- BUL
-- 1
-- 15.60
-- 0
-- Y
-- BOOK
-- 2017-12-11
-- TEOLOGIA
-- P85
-- DONACION
-- .STAFF. Coleccio¿¿n Teolog©Ưa.
980 ## - EQUIVALENCIA O REFERENCIA-CRUZADA-MENCIÓN DE SERIE--NOMBRE DE PERSONA/TÍTULO [LOCAL, CANADÁ]
ID del último usuario que modificó el registro 1
Nombre del último usuario que modificó el registro ALBERTO SANCHEZ Responsable de Automatización
Existencias
Visto por última vez Número de inventario Total de préstamos Signatura topográfica completa Código de barras Fecha del último préstamo Copia número Coste, precio de reemplazo Fecha de reemplazo Facultad Tipo de ítem Koha Nota pública Estado de pérdida Fuente del sistema de clasificación o colocación Restricciones de uso No para préstamo Colección Programa académico Biblioteca de origen Biblioteca actual Ubicación en estantería Fecha de adquisición Fuente de adquisición Coste, precio normal de compra
2025-12-02 7 1 284.3 R36 77231 2018-09-27 e1 20.60 2017-12-11   Libros físicos inventario-2023-12-13 No Perdido Clasificación Decimal Dewey No restringido Disponible para préstamos Colección General Maestría en teología Biblioteca CRAI UPeU Lima Biblioteca CRAI UPeU Lima Sala principal 2017-12-11 DONACION 15.60